Эксплуатация и ремонт машинно-тракторного парка / (Record no. 247756)
[ view plain ]
| 000 -LEADER | |
|---|---|
| fixed length control field | 01037nam a2200229 a 4500 |
| 001 - CONTROL NUMBER | |
| control field | 000669704 |
| 003 - CONTROL NUMBER IDENTIFIER | |
| control field | AM-YeHGA |
| 005 - DATE AND TIME OF LATEST TRANSACTION | |
| control field | 20250617141920.0 |
| 008 - FIXED-LENGTH DATA ELEMENTS--GENERAL INFORMATION | |
| fixed length control field | 090625s1972 ai | |||||||||||||rus|d |
| 040 ## - CATALOGING SOURCE | |
| Original cataloging agency | AM-YeHGA |
| 041 0# - LANGUAGE CODE | |
| Language code of text/sound track or separate title | rus |
| 090 ## - LOCALLY ASSIGNED LC-TYPE CALL NUMBER (OCLC); LOCAL CALL NUMBER (RLIN) | |
| -- | 249347 |
| 245 00 - TITLE STATEMENT | |
| Title | Эксплуатация и ремонт машинно-тракторного парка / |
| Statement of responsibility, etc. | МСХ СССР; Ульянов. с.-х. ин-т; Ред. кол. Р.М. Баширов, Г.С. Трофимов и др. |
| 260 ## - PUBLICATION, DISTRIBUTION, ETC. | |
| Place of publication, distribution, etc. | Уфа : |
| Name of publisher, distributor, etc. | Б. и., |
| Date of publication, distribution, etc. | 1972. |
| 300 ## - PHYSICAL DESCRIPTION | |
| Extent | 225 с. : |
| Other physical details | табл., рис. ; |
| Dimensions | 20 см. |
| 650 14 - SUBJECT ADDED ENTRY--TOPICAL TERM | |
| Topical term or geographic name entry element | Сельскохозяйственные машины и орудия |
| 650 14 - SUBJECT ADDED ENTRY--TOPICAL TERM | |
| Topical term or geographic name entry element | Механизация сельского хозяйства |
| 700 1# - ADDED ENTRY--PERSONAL NAME | |
| Personal name | Баширов, Р.М. |
| Relator term | ред. |
| Relationship | edt |
| 700 1# - ADDED ENTRY--PERSONAL NAME | |
| Personal name | Трофимов, Г.С. |
| Relator term | ред. |
| Relationship | edt |
| 710 2# - ADDED ENTRY--CORPORATE NAME | |
| Corporate name or jurisdiction name as entry element | Министерство сельского хозяйства СССР |
| 710 2# - ADDED ENTRY--CORPORATE NAME | |
| Corporate name or jurisdiction name as entry element | Ульяновский сельскохозяйственный институт |
| Withdrawn status | Lost status | Damaged status | Not for loan | Collection | Home library | Current library | Date acquired | Total checkouts | Full call number | Barcode | Date last seen | Price effective from | Koha item type | Public note |
|---|---|---|---|---|---|---|---|---|---|---|---|---|---|---|
| General | Fundamental Scientific Library | Fundamental Scientific Library | 29/12/2016 | PII/306973 | FL0193839 | 29/12/2016 | 29/12/2016 | Գրքեր / Books | 30 Days Loan |
ՀՀ Գիտությունների ազգային ակադեմիայի հիմնարար գիտական գրադարան = Fundamental Scientific Library of NAS RA
All site content, except where otherwise noted, is licensed under a